Регионална библиотека "Любен Каравелов" - Русе

La BIBLIOTHEQUE imaginaire du college de France (Запис номер 41961)

MARC детайли
000 -Лидер
Контролно поле с фиксирана дължина 00956nam a2200253 c 4500
003 - Код на организацията, давaща контролен номер
Контролно поле BLK
005 - Дата и час на последна редакция
Контролно поле 20180413122104.0
008 - Елементи от данни с фиксирана дължина
fixed length control field 180408b bul|||||r ||||||| ||bul||
010 ## - Наследен системен номер
LC control number KNG00045569000
020 ## - Международен стандартен номер на книга ISBN
Международен стандартен номер на книга ISBN 2-87899-005-6
-- издат.: Le Monde
040 ## - Източник на каталожния запис
Идентификатор на билиотеката - собственик на записа BLK
041 ## - Код за език
Код за езика на текст/звукозапис или на отделно заглавие Френски
Код за езика КДБФ Френски
080 ## - УДК
Текстов определител УДК Възпитание. Образование. Просвета. Организация на свободното време. Вж и 003;021. 3;159. 9;612;613;727
УДК код - определител по УДК 37
УДК определител (44)
УДК - код + определител 37(44)
139 ## - Редно поле
Редна дума BIBLIOTHEQUE imaginaire du College de France
Авторски знак
245 10 - Сведения за заглавието
Заглавие La BIBLIOTHEQUE imaginaire du college de France
Подзаглавни данни Trente-cinq professeurs du college de France parlent des livres qui ont fait d'eux ce qu'ils sont
260 ## - Област на издателските данни
-- Paris
Име на издателя, разпространителя и проч. Le Monde
Година на издаване 1990
300 ## - Физическа характеристика
Страници 205 с
Размери/Мащаб 22 см
490 1# - СЕРИИ (Колекции)
Име на серия La memoire du monde
852 ## - Местоположение
Форматна сигнатура Цб 203512
856 4# - Електронен адрес и достъп
Електронен формат pdf - файл
Път до файла /url/
856 4# - Електронен адрес и достъп
Електронен формат pdf - файл
Път до файла /url/
942 ## - АРТИКУЛИ
Вид на библиотечния материал Книги
Скрит в OPAC Не
944 ## - СЪЗДАВАНЕ И РЕДАКЦИЯ на ЗАПИСА
Създаване/Редакция Създаване
Дата на регистрацията/редакция 01.01.1999
Служител, извършил регистрацията/редакцията AB_DOS
944 ## - СЪЗДАВАНЕ И РЕДАКЦИЯ на ЗАПИСА
Създаване/Редакция Редакция
Дата на регистрацията/редакция 15.01.2003
Служител, извършил регистрацията/редакцията
999 ## - СИСТЕМНИ КОНТРОЛНИ НОМЕРА
Koha biblionumber 41961
Koha biblioitemnumber 41961
Наличности
Код за отписване Код за изгубен артикул Код за повреда Коз за рестрикции Код за отдаване Артикулен № Име на библиотеката - собственик Име на библиотеката, в която се намира в момента Статус (Текущо местоположение) Дата на вписване в системата Местоположение - отдел Цена в лева Инвентарен номер Систематично азбучна сигнатура Баркод Номер на екземпляра Цена в евро Служебна бележка Служебен тип на артикула
  Не е изгубен Не е повреден без рестрикции заемане за дома 65677 Регионална библиотека "Любен Каравелов" Русе Регионална библиотека "Любен Каравелов" Русе ЧЧЗО - англ. ез. - Британски съвет 2001-01-01 ЧЧЗО - англ. ез. - Британски съвет 0.00 653804 Ч3 37/B56 653804 1 0.00 Дата инв: 21.03.2015 Бележки инв: Ч32015 Книги
Vip Innovations Ltd, Rousse, Bulgaria 2025